LEADER 00929nam a2200217 i 4500 001 000000172829 003 CaOOAMICUS 005 20080630000000.0 008 080630s1908 it u000 u ger u 013 $a150273 040 $aSeMil$bita 100 1 $aGoethe, Katharina Elisabeth <1731-1808>.$0(OLS)http://semarc/name/64594 245 10$aBriefe von Goethes Mutter /$causgewählt und eingeleitet von Albert Köster. 260 $aLeipzig :$bInsel,$c1908. 300 $aXXII, 244 p. ;$c19 cm. 650 4$aGoethe, Johann Wolfgang : von <1749-1832> - Lettere e carteggi.$0(OLS)http://semarc/subject/3133 700 1 $aKöster, Albert <1862-1924>.$0(OLS)http://semarc/name/64595 850 $aSeMil 852 $aSeMil$W1$xVenegono$y1$m1W VI 12$j123681$B123681$CSeMilBibl$Z2$F134759 $81 996 $6245$aBriefe von Goethes Mutter$9(OLS)http://semarc/title/247594 996 $6260$aLeipzig :$bInsel$9(OLS)http://semarc/publisher/31045 LEADER 01465nam a2200229 i 4500 001 000000031941 003 CaOOAMICUS 005 20240209125655.0 008 180830s1718 fr u000 u fre u 040 $aSeMil$bita 100 1 $aFenelon, François,$c.$0(OLS)http://semarc/name/6914 245 10$aDialogues des morts anciens et modernes, avec quelques fables, composez pour l'education d'un prince. Par feu messire François de Salignac de Lça Motte-Fenelon, précepteur de messeigneurs les enfants de France ... Tome 1. [-2.]. 260 $aA Paris :$bChez Florentin Delaulne, rue S. Jacques, à l'Empereur,$c1718. 300 $a2 v. ;$c8°. 500 $aFregio xilogr. sui front. 650 4$aFénelon, François <1651-1715 ; arcivescovo> - Opere.$0(OLS)http://semarc/subject/3122 700 1 $aDelaulne, Florentin,$c.$0(OLS)http://semarc/name/5914 774 0 $tContenant les dialogues des Anciens.$g1$w()242097 774 0 $tContenant les dialogues des modernes & les fables.$g2$w()242098 996 $6245$aDialogues des morts anciens et modernes, avec quelques fables, composez pour l'education d'un prince. Par feu messire François de Salignac de Lça Motte-Fenelon, précepteur de messeigneurs les enfants de France ... Tome 1. [-2.]$9(OLS)http://semarc/title/43338 996 $6260$aA Paris :$bChez Florentin Delaulne, rue S. Jacques, à l'Empereur$9(OLS)http://semarc/publisher/33416